00644nam a22001697a 450000500170000001000130001702000260003003500110005603700160006708200100008310000220009324501270011524600850024226000510032727000730037830000230045120200603144635.0 aUR-10779 c298.00a9789389002270 aU-9334 bDBAD/PUBa- a840.8 aقيا م نير  aمعر و ف و غير معر و ف ا فسا نہ نگا ر و ں کی ا فسا نو ی خد ما ت cقيا م نير  bMaroof Wa Ghar Maroof Afsananigaron Ki Afsanvi Khidmaat (Urdu)aby Qayam Naiyar aDelhibEducational Publishing House c2019 ء a3191,Vakil Street,Kucha Pandit Lal Kuan,bDelhie110006k23216162l- a516 ص c22 Cm(Hb)